| 000 | 00753nam a2200181Ia 4500 | ||
|---|---|---|---|
| 999 |
_c37644 _d37644 |
||
| 003 | GCL | ||
| 005 | 20240530103221.0 | ||
| 008 | 140319s9999 xx 000 0 ara d | ||
| 040 |
_aGCL / _cGCL |
||
| 082 | 0 | 4 |
_a932.094 _bق/ل د |
| 100 | 1 | _aلطفى عبدالوهاب يحيى | |
| 245 | 1 | 0 |
_aدراسات فى العصر الهلنستى : _bابعاد العصر الهلنستى - دولة البطالمة فى مصر / _cلطفى عبدالوهاب يحيى |
| 260 |
_aبيروت : _bدار النهضة العربية للطباعة والنشر ، _c1988 |
||
| 300 |
_a336 ص ؛ _c23 سم |
||
| 650 | 0 | 4 | _aمصر القديمة - تاريخ - العصر اليونانى |
| 650 | 0 | 4 | _aمصر القديمة - تاريخ |
| 942 |
_2ddc _cBK |
||